[Event "SVK-chT2A 0910"]
[Site "Slovakia"]
[Date "2009.11.08"]
[Round "4.7"]
[White "Visnovsky, Marek"]
[Black "Manak, Jozef"]
[Result "0-1"]
[WhiteElo "1698"]
[BlackElo "2016"]
[PlyCount "86"]
[EventDate "2009.10.10"]
[EventType "team-tourn"]
[EventRounds "11"]
[EventCountry "SVK"]
[SourceTitle "EXT 2011"]
[Source "ChessBase"]
[SourceDate "2010.11.26"]
[SourceVersion "1"]
[SourceVersionDate "2010.11.26"]
[SourceQuality "1"]
[WhiteTeam "Modra II"]
[BlackTeam "Piestany Kupele"]
[WhiteTeamCountry "SVK"]
[BlackTeamCountry "SVK"]

1. e4 c5 2. Nf3 a6 3. d4 cxd4 4. Nxd4 Nf6 5. Nc3 e5 6. Nf3 Bb4 7. Bd3 d5 8. Nd2 Bxc3 9. bxc3 dxe4 10. Nxe4 Nxe4 11. Bxe4 Qxd1+ 12. Kxd1 Nd7 13. Ba3 Ra7 14. Ke2 b6 15. Rhd1 Bb7 16. Bxb7 Rxb7 17. Bd6 f6 18. Rd3 Kf7 19. Rad1 Rc8 20. h3 Rc6 21. Ba3 Ke8 22. g4 Rbc7 23. Bd6 Rc8 24. f3 Rxc3 25. Rxc3 Rxc3 26. Rd2 b5 27. Bb4 Rc6 28. c3 Nb6 29. Rd6 Rxd6 30. Bxd6 Kd7 31. Bf8 g6 32. Kd3 Ke6 33. h4 Kd5 34. Bb4 Nc4 35. Be7 f5 36. gxf5 gxf5 37. Bf6 Nb6 38. Bd8 Nd7 39. Ba5 Nc5+ 40. Ke3 Kc4 41. h5 Ne6 42. Bb4 Nf4 43. h6 Nd5+ 0-1

[Event "SVK-chT2A 0809"]
[Site "Slovakia"]
[Date "2009.03.01"]
[Round "11.7"]
[White "Visnovsky, Marek"]
[Black "Manak, Jozef"]
[Result "1/2-1/2"]
[WhiteElo "1640"]
[BlackElo "2009"]
[PlyCount "67"]
[EventDate "2008.10.11"]
[EventType "team-tourn"]
[EventRounds "11"]
[EventCountry "SVK"]
[SourceTitle "EXT 2010"]
[Source "ChessBase"]
[SourceDate "2010.11.25"]
[SourceVersion "1"]
[SourceVersionDate "2010.11.25"]
[SourceQuality "1"]
[WhiteTeam "Modra II"]
[BlackTeam "Piestany Kupele"]
[WhiteTeamCountry "SVK"]
[BlackTeamCountry "SVK"]

1. e4 c5 2. Nf3 a6 3. d4 cxd4 4. Nxd4 Nf6 5. Nc3 e5 6. Nb3 Bb4 7. Bd3 d5 8. exd5 e4 9. Be2 Nxd5 10. Bd2 Bxc3 11. bxc3 0-0 12. c4 Nf6 13. 0-0 Nbd7 14. Be3 Qe7 15. Qd2 b6 16. Rad1 Bb7 17. Qd6 Qd8 18. c5 Rc8 19. c4 bxc5 20. Nxc5 Nxc5 21. Qxd8 Rfxd8 22. Rxd8+ Rxd8 23. Bxc5 Rd2 24. Rd1 Rxd1+ 25. Bxd1 Nd7 26. Bd4 f6 27. Kf1 Kf7 28. Be3 Ke6 29. h3 Kd6 30. Ke2 Bc6 31. Kd2 Ne5 32. Be2 Bb7 33. Kc3 Nc6 34. Bf4+ 1/2-1/2

[Event "SVK-chT2A 0809"]
[Site "Slovakia"]
[Date "2008.12.07"]
[Round "6.7"]
[White "Stefan, Oldrich"]
[Black "Visnovsky, Marek"]
[Result "1/2-1/2"]
[WhiteElo "2030"]
[BlackElo "1640"]
[PlyCount "100"]
[EventDate "2008.10.11"]
[EventType "team-tourn"]
[EventRounds "11"]
[EventCountry "SVK"]
[SourceTitle "EXT 2010"]
[Source "ChessBase"]
[SourceDate "2010.11.25"]
[SourceVersion "1"]
[SourceVersionDate "2010.11.25"]
[SourceQuality "1"]
[WhiteTeam "Bratislava Slavia STU"]
[BlackTeam "Modra II"]
[WhiteTeamCountry "SVK"]
[BlackTeamCountry "SVK"]

1. d4 Nf6 2. Nf3 e6 3. g3 c5 4. Bg2 d5 5. 0-0 Nc6 6. b3 Be7 7. Bb2 b6 8. c4 Bb7 9. cxd5 exd5 10. dxc5 bxc5 11. Ne5 Nxe5 12. Bxe5 0-0 13. Nc3 Qd7 14. Rc1 d4 15. Bxb7 Qxb7 16. Bxf6 gxf6 17. Na4 Rac8 18. Qd3 Rfd8 19. Rc4 Qd5 20. Rfc1 Rc6 21. b4 f5 22. f4 Kh8 23. Nxc5 Rg6 24. e4 dxe3 25. Qxe3 Bf6 26. Nb3 h5 27. Rc8 h4 28. Rxd8+ Qxd8 29. Re1 Kg7 30. Qf2 hxg3 31. hxg3 Qd3 32. Re3 Qd5 33. Qd2 Qxd2 34. Nxd2 Bd4 35. Kf2 Bxe3+ 36. Kxe3 Rxg3+ 37. Nf3 Rg2 38. Nd2 Rg6 39. Nc4 Re6+ 40. Kd3 Re4 41. b5 Rxf4 42. a4 Kf6 43. a5 Ke6 44. b6 axb6 45. axb6 Kd7 46. Ne5+ Kc8 47. Nxf7 Kb7 48. Ke3 Re4+ 49. Kf3 Kxb6 50. Nd6 Kc6 1/2-1/2